000 00531nam a2200217Ia 4500
003 OSt
005 20221005120952.0
006 a|||||r|||| 00| 0
007 ta
008 221004b |||||||| |||| 00| 0 mal d
024 _a57657
037 _cTextual
040 _aCRL
_cCRL
_bmal
041 _2mal
_amal
082 _aO32,6x, G9.1-.2
245 0 _aGadyaratnavali
260 _c1939
650 _aMALAYALAM LITERATURE
_938866
942 _hO32,6x, G9.1-.2
_cTEXL
_2cc
999 _c1039713
_d1039713